Jazz Musicians and Their Instruments - Statistics

General Stats
  • This quiz has been taken 1,940 times
  • The average score is 9 of 10
Answer Stats
Hint Answer % Correct
Charlie Parker Alto Sax
98%
Dizzy Gillespie Trumpet
98%
Gerry Mulligan Bari Sax
97%
Oscar Peterson Piano
96%
Ella Fitzgerald Vocals
93%
Art Blakey Drums
92%
Charles Mingus Bass
91%
Django Reinhardt Guitar
87%
Benny Goodman Clarinet
80%
Herbie Mann Flute
61%
No matching quizzes found
Score Distribution
Percent of People with Each Score
Percentile by Number Answered
Your Score History
You have not taken this quiz